|
|
|
|
| LEADER |
01030nam a2200277 a 4500 |
| 001 |
37988 |
| 003 |
BD-DhAAL |
| 005 |
20220307130905.0 |
| 008 |
220307t1993 dcua b 000 0 eng |
| 999 |
|
|
|c 43684
|d 43684
|
| 010 |
|
|
|a 92044308
|
| 020 |
|
|
|a 1557753237
|
| 040 |
|
|
|a DLC
|c DLC
|d DLC
|d BD-DhAAL
|
| 050 |
0 |
0 |
|a HJ2005
|b .P69 1993
|
| 082 |
0 |
0 |
|a 350.72
|2 20
|
| 100 |
1 |
|
|a Premchand, A.,
|d 1933-
|9 46502
|
| 245 |
1 |
0 |
|a Public expenditure management /
|c A. Premchand
|
| 260 |
|
|
|a Washington, D.C. :
|b International Monetary Fund,
|c 1993.
|
| 300 |
|
|
|a x, 282 pages :
|b illustrations ;
|c 23 cm.
|
| 504 |
|
|
|a Includes bibliographical references (p. 274-282).
|
| 541 |
|
|
|a Donated by Akbar Ali Khan
|e 37988
|
| 650 |
|
0 |
|a Budget.
|9 46503
|
| 650 |
|
0 |
|a Expenditures, Public.
|9 46504
|
| 852 |
|
|
|a Ayesha Abed Library
|c Akbar Ali Khan Collection
|
| 942 |
|
|
|2 ddc
|c BK
|
| 952 |
|
|
|0 0
|1 0
|2 ddc
|4 0
|6 350_720000000000000_PRE
|7 1
|9 70018
|a BRACUL
|b BRACUL
|c AAKC
|d 2022-03-07
|e Donated by Akbar Ali Khan
|l 0
|o 350.72 PRE
|p 3010037988
|r 2022-03-07
|t 1
|w 2022-03-07
|y BK
|